Early Shiite Imamiyyah Thinkers (Record no. 8059)

MARC details
000 -LEADER
fixed length control field 00411nam a2200157 a 4500
082 00 - DEWEY DECIMAL CLASSIFICATION NUMBER
Classification number 297.821
Author Cutter AKH
100 ## - MAIN ENTRY--AUTHOR NAME
Author name Akhtar, S Waheed
245 ## - TITLE STATEMENT
Title Early Shiite Imamiyyah Thinkers
260 ## - PUBLICATION, DISTRIBUTION, ETC. (IMPRINT)
Place of publication Delhi
Name of publisher Ashish Publishing House
Year of publication 1988
300 ## - PHYSICAL DESCRIPTION
Number of Pages 245p
500 ## - GENERAL NOTE
General note includes index and biblioraphy
650 ## - SUBJECT ADDED ENTRY--TOPICAL TERM
Topical Term Shiah-Early Scholars
650 ## - SUBJECT ADDED ENTRY--TOPICAL TERM
Topical Term Shiah-Imam-doctrines
942 ## - ADDED ENTRY ELEMENTS (KOHA)
Koha item type Books
700 1# -
-- Akhtar, S Waheed
Holdings
Collection code Home library Current library Date acquired Cost, normal purchase price Full call number Accession Number Koha item type
  Henry Martyn Institute Library Henry Martyn Institute Library 06/28/2007 100.00 297.821 AKH 013136 Books
                   Copyright © 2026 | Henry Martyn Institute | Hyderabad | TS-500052 | INDIA | Implemented by hmi.edu.in
Hit-Count:

Powered by Koha